Central Library OPAC University of Rajshahi

The industrial and commercial revolutions in Great Britain during the nineteenth century / (Record no. 5021)

MARC details
000 -LEADER
fixed length control field 01249nam a2200313 a 4500
001 - CONTROL NUMBER
control field 5021
003 - CONTROL NUMBER IDENTIFIER
rucl marc code BD-RjUL
005 - DATE AND TIME OF LATEST TRANSACTION
control field 20211208234008.0
008 - FIXED-LENGTH DATA ELEMENTS--GENERAL INFORMATION
fixed length control field 150831r19611926nyu b 001 0 eng
035 ## - SYSTEM CONTROL NUMBER
System control number (BD-RjUL) 5057
System control number (OCoLC)2377121
040 ## - CATALOGING SOURCE
Original cataloging agency DLC
Transcribing agency IDeKN
Modifying agency OCoLC
-- DLC
-- BD-RjUL
Language of cataloging eng
041 ## - LANGUAGE CODE
Language code of text/sound track or separate title eng
082 00 - DEWEY DECIMAL CLASSIFICATION NUMBER
Classification number 330.942
Author mark and year KNI 1961
100 1# - MAIN ENTRY--PERSONAL NAME
Personal name Knowles, L. C. A.
Fuller form of name (Lilian Charlotte Anne),
Dates associated with a name 1870-1926.
9 (RLIN) 15807
245 14 - TITLE STATEMENT
Title The industrial and commercial revolutions in Great Britain during the nineteenth century /
Statement of responsibility, etc. by L.C.A. Knowles ...
250 ## - EDITION STATEMENT
Edition statement 4th (rev.) ed.
260 ## - PUBLICATION, DISTRIBUTION, ETC. (IMPRINT)
Place of publication, distribution, etc. London :
Name of publisher, distributor, etc. Routledge & Kegan Paul Ltd.;.,
Date of publication, distribution, etc. 1926 [Reprinted 1961].
300 ## - PHYSICAL DESCRIPTION
Pagination xii, 416 p. ;
Size 23 cm.
490 0# - SERIES STATEMENT
Series statement Studies in economics and political science ...
Volume/sequential designation no. 61 in the series of monographs by writers connected with the London school of economics and political science
504 ## - BIBLIOGRAPHY, ETC. NOTE
Bibliography, etc includes index.
650 #0 - SUBJECT ADDED ENTRY--TOPICAL TERM
Topical term or geographic name as entry element Labor and laboring classes
Geographic subdivision Great Britain.
9 (RLIN) 5940
Topical term or geographic name as entry element Machinery in the workplace.
9 (RLIN) 9311
Topical term or geographic name as entry element Industrial policy
Geographic subdivision Great Britain.
9 (RLIN) 6524
651 #0 - SUBJECT ADDED ENTRY--GEOGRAPHIC NAME
Geographic name Great Britain
General subdivision Economic conditions.
9 (RLIN) 15808
Geographic name Great Britain
General subdivision Economic policy.
9 (RLIN) 15809
942 ## - ADDED ENTRY ELEMENTS (KOHA)
Source of classification or shelving scheme Dewey Decimal Classification
Koha item type Books
Holdings
Lost status Source of classification or shelving scheme Damaged status Not for loan Collection code Permanent Location Current Location Shelving location Date acquired Source of acquisition Total Checkouts Full call number Date last seen Copy number Koha item type Cost, normal purchase price
  Dewey Decimal Classification     Non-fiction Central Library, University of Rajshahi Central Library, University of Rajshahi   23/10/1990 Shaukat osman, Dhaka   330.942 KNI 1937 24/12/2013 C-10 Books  
  Dewey Decimal Classification     Non-fiction Central Library, University of Rajshahi Central Library, University of Rajshahi   18/05/1969 Unknown, Gift   330.942 KNI 1961 25/02/2014 C-9 Books  
  Dewey Decimal Classification     Non-fiction Central Library, University of Rajshahi Central Library, University of Rajshahi   18/05/1969 Zeithlinger   330.942 KNI 1961 19/06/2016 C-2 Books 23.00
  Dewey Decimal Classification     Non-fiction Central Library, University of Rajshahi Central Library, University of Rajshahi   01/08/1972 paramunt bk   330.942 KNI 1966 27/07/2016 C-3 Books 33.00
  Dewey Decimal Classification     Non-fiction Central Library, University of Rajshahi Central Library, University of Rajshahi   15/03/1963 Zeetlinger   330.942 KNI 1961 30/07/2016 C-4 Books 15.00
  Dewey Decimal Classification     Non-fiction Central Library, University of Rajshahi Central Library, University of Rajshahi   27/01/1955     330.942 KNI 1950 01/08/2016 C-5 Books  
  Dewey Decimal Classification     Non-fiction Central Library, University of Rajshahi Central Library, University of Rajshahi   15/03/1963 Zeetlinger   330.942 KNI 1961 03/08/2016 C-6 Books 15.00
  Dewey Decimal Classification     Non-fiction Central Library, University of Rajshahi Central Library, University of Rajshahi   30/08/1957 Publishers   330.942 KNI 1953 27/09/2016 C-7 Books 8.20
  Dewey Decimal Classification   Not For Loan Non-fiction Central Library, University of Rajshahi Central Library, University of Rajshahi Reading Room 29/01/1955     330.942 KNI 1950 20/12/2016 C-1 Books  
  Dewey Decimal Classification     Non-fiction Central Library, University of Rajshahi Central Library, University of Rajshahi   31/01/1955 N/A   330.942 KNI 1961 27/12/2016 C-8 Books 0.00